| 000 | 01242nam a2200289 a 4500 | ||
|---|---|---|---|
| 003 | OSt | ||
| 005 | 20240118142247.0 | ||
| 007 | cr ||||||a|c|a | ||
| 008 | 240115s2023 mx a|||fom||| 001 0 spa d | ||
| 040 | _erda | ||
| 100 | 1 |
_9188458 _aRuiz Soto, Sergio Jesus |
|
| 245 | 1 |
_aDiseño conceptual de una banda transportadora para el secado de Vainas de Mezquite (Prosopis spp) / _cSergio Jesus Ruiz Soto;director de tesis María Victoria Gómez Aguila |
|
| 264 | 1 |
_aChapingo, México : _bEl autor, _c2023 |
|
| 300 |
_a1 recurso en línea (97páginas): _bfiguras y tablas.. |
||
| 336 |
_2rdacontent _atexto _btxt |
||
| 337 |
_2rdamedia _acomputadora _bc |
||
| 338 |
_2rdacarrier _arecurso en línea _bcr |
||
| 502 |
_bIMtA _cMecánica _d2023. _gLIC |
||
| 504 | _aIncluye referencias bibliográficas:95-97páginas | ||
| 650 | 4 |
_975380 _aMezquite como forraje |
|
| 650 | 4 |
_9187299 _aMezquite _xValor nutritivo |
|
| 650 | 4 |
_9156966 _aDiseño de procesos _xEstandarización |
|
| 650 | 4 |
_932730 _aDiseño en ingeniería |
|
| 700 | 1 |
_9185726 _aGómez Águila, María Victoria _eDirector de tesis. |
|
| 856 |
_uhttp://10.13.5.2/tesis/tl/1412289-6_RUIZ_SOTO_SERGIOJESUS.pdf _zDESCARGAR PDF |
||
| 942 |
_2Clasificación Universidad Autónoma Chapingo _cTD |
||
| 999 |
_c219522 _d219522 |
||